Practical statistics for data scientists : 50 essential concepts using R and Python / (Record no. 4413)

000 -LEADER
fixed length control field 01631cam a22004097i 4500
001 - CONTROL NUMBER
control field 20182357
003 - CONTROL NUMBER IDENTIFIER
control field OSt
005 - DATE AND TIME OF LATEST TRANSACTION
control field 20251023154115.0
008 - FIXED-LENGTH DATA ELEMENTS--GENERAL INFORMATION
fixed length control field 171211s2017 caua b 001 0 eng d
010 ## - LIBRARY OF CONGRESS CONTROL NUMBER
LC control number 2017302988
020 ## - INTERNATIONAL STANDARD BOOK NUMBER
International Standard Book Number 9781491952962
Qualifying information (paperback)
020 ## - INTERNATIONAL STANDARD BOOK NUMBER
International Standard Book Number 1491952962
Qualifying information (paperback)
035 ## - SYSTEM CONTROL NUMBER
System control number 20182357
035 ## - SYSTEM CONTROL NUMBER
System control number (OCoLC)936003166
040 ## - CATALOGING SOURCE
Original cataloging agency BTCTA
Language of cataloging eng
Transcribing agency BTCTA
Description conventions rda
Modifying agency YDXCP
-- BDX
-- ZQP
-- SINLB
-- TEF
-- JRZ
-- OUP
-- CHVBK
-- OCLCO
-- DLC
042 ## - AUTHENTICATION CODE
Authentication code lccopycat
050 00 - LIBRARY OF CONGRESS CALL NUMBER
Classification number QA276.4.B78 2020
082 04 - DEWEY DECIMAL CLASSIFICATION NUMBER
Classification number 001.4/22
Edition number 23
100 1# - MAIN ENTRY--PERSONAL NAME
Personal name Bruce, Peter C.,
Dates associated with a name 1953-
Relator term author.
245 10 - TITLE STATEMENT
Title Practical statistics for data scientists : 50 essential concepts using R and Python /
Statement of responsibility, etc Peter Bruce and Andrew Bruce.
250 ## - EDITION STATEMENT
Edition statement Second edition.
260 ## - PUBLICATION, DISTRIBUTION, ETC. (IMPRINT)
Place of publication, distribution, etc Mumbai
Name of publisher, distributor, etc SPD
Date of publication, distribution, etc 2020
300 ## - PHYSICAL DESCRIPTION
Extent xvi, 342 pages :
Other physical details illustrations ;
Dimensions 24 cm
504 ## - BIBLIOGRAPHY, ETC. NOTE
Bibliography, etc Includes bibliographical references (pages 285-286) and index.
505 0# - FORMATTED CONTENTS NOTE
Formatted contents note Exploratory data analysis -- Data and sampling distributions -- Statistical experiments and significance testing -- Regression and prediction -- Classification -- Statistical machine learning -- Unsupervised learning.
650 #0 - SUBJECT ADDED ENTRY--TOPICAL TERM
Topical term or geographic name as entry element Mathematical analysis
General subdivision Statistical methods.
650 #0 - SUBJECT ADDED ENTRY--TOPICAL TERM
Topical term or geographic name as entry element Quantitative research
General subdivision Statistical methods.
650 #0 - SUBJECT ADDED ENTRY--TOPICAL TERM
Topical term or geographic name as entry element Big data
General subdivision Mathematics.
650 #7 - SUBJECT ADDED ENTRY--TOPICAL TERM
Topical term or geographic name as entry element Data Mining
Source of heading or term gnd
650 #7 - SUBJECT ADDED ENTRY--TOPICAL TERM
Topical term or geographic name as entry element Datenanalyse
Source of heading or term gnd
650 #7 - SUBJECT ADDED ENTRY--TOPICAL TERM
Topical term or geographic name as entry element Statistik
Source of heading or term gnd
700 1# - ADDED ENTRY--PERSONAL NAME
Personal name Bruce, Andrew,
Dates associated with a name 1958-
Relator term author.
700 1# - ADDED ENTRY--PERSONAL NAME
Personal name Gedeck, Peter
906 ## - LOCAL DATA ELEMENT F, LDF (RLIN)
a 7
b cbc
c copycat
d 2
e ncip
f 20
g y-gencatlg
942 ## - ADDED ENTRY ELEMENTS (KOHA)
Source of classification or shelving scheme
Koha item type Book
Holdings
Withdrawn status Lost status Source of classification or shelving scheme Damaged status Not for loan Home library Current library Shelving location Date acquired Total Checkouts Full call number Barcode Date last seen Copy number Price effective from Koha item type
          Riara University Library Riara University Library General stack 23/10/2025   QA276.4.B78 2020 10803/25 23/10/2025 C.1 23/10/2025 Book
          Riara University Library Riara University Library General stack 23/10/2025   QA276.4.B78 2020 10804/25 06/11/2025 C.2 23/10/2025 Book

Riara University Library,
P.O. Box 49940-00100,
Nairobi, Kenya.